【プロ野球】2026年の横浜DeNAベイスターズの選手 - Statistics

General Stats
  • This quiz has been taken 46 times
    4 since last reset
  • The average score is 57 of 68
Answer Stats
Hint Answer % Correct
0 デュプランティエ
100%
11 東克樹
100%
12 竹田祐
100%
13 伊勢大夢
100%
14 石田健大
100%
15 島田舜也
100%
16 大貫晋一
100%
18 小園健太
100%
19 山﨑康晃
100%
20 坂本裕哉
100%
27 藤浪晋太郎
100%
30 篠木健太郎
100%
33 武田陸玖
100%
36 尾形崇斗
100%
42 コックス
100%
49 ルイーズ
100%
54 石田裕太郎
100%
59 平良拳太郎
100%
62 レイノルズ
100%
98 マルセリーノ
100%
5 松尾汐恩
100%
10 戸柱恭孝
100%
32 益子京右
100%
57 東妻純平
100%
60 古市尊
100%
95 九鬼隆平
100%
00 林琢真
100%
2 牧秀悟
100%
3 小田康一郎
100%
6 森敬斗
100%
9 京田陽太
100%
25 筒香嘉智
100%
26 三森大貴
100%
31 柴田竜拓
100%
40 井上朋也
100%
44 石上泰輝
100%
51 宮﨑敏郎
100%
66 ビシエド
100%
4 度会隆輝
100%
7 佐野恵太
100%
8 神里和毅
100%
28 勝又温史
100%
55 井上絢登
100%
58 梶原昂希
100%
61 蝦名達夫
100%
63 関根大気
100%
99 ヒュンメル
100%
22 入江大生
67%
38 松本凌人
67%
43 深沢鳳介
67%
45 森原康平
67%
47 片山皓心
67%
53 中川颯
67%
64 中川虎大
67%
92 堀岡隼人
67%
34 宮下朝陽
67%
48 成瀬脩人
67%
67 濱将乃介
67%
24 吉野光樹
33%
35 橋本達弥
33%
39 若松尚輝
33%
41 佐々木千隼
33%
65 宮城滝太
33%
93 庄司陽斗
33%
37 加藤響
33%
56 田内真翔
33%
46 坂口翔颯
0%
68 岩田将貴
0%
No matching quizzes found
Score Distribution
Percent of People with Each Score
Percentile by Number Answered
Your Score History
You have not taken this quiz since the last reset